000 00401nam a2200145Ia 4500
005 20250508160034.0
008 008 250505s9999 xx 000 0 eng d
037 _aBooks to be hide in OPAC
040 _aFEDL
_beng
_cFEDL
041 _aeng
_2eng
084 _a379.684, NAT/O
_qFEDL
245 0 _aNatal monthly report 1904
942 _cHB
_h379.684, NAT/O
999 _c1361299
_d1361299